[Event "Bayern-chTT (RL Sued-West)"]
[Site "Bayern 2008/09"]
[Date "2008.10.05"]
[Round "1.6"]
[White "Schwarzberg, Ilja"]
[Black "Winterkamp, Stefan"]
[Result "1-0"]
[WhiteElo "2085"]
[BlackElo "1978"]
[PlyCount "77"]
[EventDate "2009.03.??"]
[EventType "team-tourn"]
[EventRounds "9"]
[WhiteTeam "München-Tarrasch 2"]
[BlackTeam "Klosterlechfeld 1"]

1. d4 Nf6 2. Nf3 b6 3. Bg5 Ne4 4. Bh4 Bb7 5. Nbd2 Nxd2 6. Qxd2 g6 7. e3 Bg7 8.
Bd3 d5 9. Ne5 O-O 10. f4 Nd7 11. g4 f6 12. Nf3 Qe8 13. O-O-O e5 14. Be2 e4 15.
Ng1 c5 16. c4 cxd4 17. f5 d3 18. Bg3 dxe2 19. Nxe2 Ne5 20. cxd5 Nd3+ 21. Kb1
Bxd5 22. h4 Rd8 23. fxg6 Qxg6 24. Nd4 Qxg4 25. Rdg1 Qd7 26. h5 h6 27. Rg2 Kh8
28. Bh4 Rc8 29. Rhg1 Rg8 30. Rg6 Ne5 31. Qh2 Nf3 32. Nxf3 exf3 33. Qf4 Kh7 34.
Bxf6 Bxa2+ 35. Ka1 Rc7 36. Rxg7+ Rxg7 37. Rxg7+ Qxg7 38. Bxg7 Rxg7 39. Kxa2 1-0

[Event "Bayern-chTT (RL Sued-West)"]
[Site "Bayern 2008/09"]
[Date "2008.10.05"]
[Round "1.7"]
[White "Billing, Alexander"]
[Black "Koch, Enrico"]
[Result "1-0"]
[WhiteElo "1861"]
[BlackElo "2011"]
[PlyCount "43"]
[EventDate "2009.03.??"]
[EventType "team-tourn"]
[EventRounds "9"]
[WhiteTeam "Klosterlechfeld 1"]
[BlackTeam "München-Tarrasch 2"]

1. e4 c5 2. Nc3 e6 3. g3 Nc6 4. Bg2 Nf6 5. d3 Be7 6. f4 d5 7. e5 Nd7 8. Nf3 Qb6
9. O-O h5 10. h4 f6 11. Re1 fxe5 12. fxe5 d4 13. Nb1 Qc7 14. Qe2 Nf8 15. Na3 a6
16. Bg5 Bd7 17. Nc4 b5 18. Bxe7 Kxe7 19. Nd6 Ng6 20. Qd2 Rh6 21. Re2 Rf8 22.
Qg5+ 1-0

[Event "Bayern-chTT (RL Sued-West)"]
[Site "Bayern 2008/09"]
[Date "2008.10.05"]
[Round "1.8"]
[White "Uhlmann, Helge"]
[Black "Lehmann, Erik"]
[Result "1-0"]
[WhiteElo "2089"]
[BlackElo "1635"]
[PlyCount "53"]
[EventDate "2009.03.??"]
[EventType "team-tourn"]
[EventRounds "9"]
[WhiteTeam "München-Tarrasch 2"]
[BlackTeam "Klosterlechfeld 1"]

1. d4 Nc6 2. Nf3 d5 3. g3 Bf5 4. Bg2 e6 5. O-O Bd6 6. c4 dxc4 7. Qa4 Qd7 8. Nc3
Nge7 9. e4 Bg4 10. Qxc4 f6 11. Be3 e5 12. d5 Nd8 13. Nd2 c6 14. b4 Rc8 15. Qb3
b6 16. Rfc1 Nf7 17. Nc4 Bc7 18. a4 Nd6 19. b5 cxd5 20. Nxd5 Nxd5 21. exd5 O-O
22. Nxd6 Bxd6 23. Rc6 Qe7 24. a5 Rxc6 25. dxc6+ Be6 26. Bd5 Kf7 27. axb6 1-0

[Event "Bayern-chTT (RL Sued-West)"]
[Site "Bayern 2008/09"]
[Date "2008.10.05"]
[Round "1.1"]
[White "Antemia, Paul"]
[Black "Schenk, Uwe Dr(64)"]
[Result "0-1"]
[WhiteElo "2088"]
[BlackElo "2150"]
[PlyCount "74"]
[EventDate "2009.03.??"]
[EventType "team-tourn"]
[EventRounds "9"]
[WhiteTeam "Türkheim 1"]
[BlackTeam "Sonthofen 1"]

1. e4 g6 2. d4 Bg7 3. Nf3 d6 4. Bc4 Nf6 5. Qe2 O-O 6. Nc3 Bg4 7. Bf4 Nc6 8.
O-O-O Nd7 9. Be3 e5 10. d5 Ne7 11. h3 Bxf3 12. Qxf3 f5 13. g3 Nf6 14. Qg2 a6
15. f3 Qd7 16. Bb3 b5 17. a3 Rfb8 18. Ne2 a5 19. Bd2 b4 20. a4 Nc8 21. Be3 Nb6
22. Bxb6 cxb6 23. c4 Qc7 24. Kb1 Nd7 25. Nc1 fxe4 26. fxe4 Nc5 27. Qc2 Rc8 28.
Ba2 Qd7 29. b3 Rf8 30. Qg2 Rf7 31. Rdf1 Raf8 32. Rxf7 Qxf7 33. Re1 Bh6 34. Ne2
Qf3 35. Qxf3 Rxf3 36. Kc2 Nxe4 37. Kd1 Rd3+ 0-1

[Event "Bayern-chTT (RL Sued-West)"]
[Site "Bayern 2008/09"]
[Date "2008.10.05"]
[Round "1.2"]
[White "Pleyer, Felix"]
[Black "Fischer, Manfred Dr(57)"]
[Result "0-1"]
[WhiteElo "1997"]
[BlackElo "2109"]
[PlyCount "62"]
[EventDate "2009.03.??"]
[EventType "team-tourn"]
[EventRounds "9"]
[WhiteTeam "Sonthofen 1"]
[BlackTeam "Türkheim 1"]

1. e4 e5 2. d4 Nc6 3. Nf3 exd4 4. Bc4 Nf6 5. e5 d5 6. Bb5 Ne4 7. Nxd4 Bc5 8.
O-O O-O 9. Bxc6 bxc6 10. Be3 Bxd4 11. Qxd4 c5 12. Qd1 d4 13. Bf4 c4 14. Re1 Nc5
15. Nd2 Bb7 16. Qg4 Qd5 17. Rad1 Rae8 18. Nf3 Ne6 19. Bh6 c5 20. Nh4 Kh8 21.
Bc1 f5 22. Qh5 f4 23. f3 Kg8 24. Nf5 Bc6 25. Nd6 Rd8 26. Ne4 Be8 27. Qh4 Bg6
28. Qh3 Rf5 29. g4 Rxe5 30. Nc3 Rxe1+ 31. Rxe1 dxc3 0-1

[Event "Bayern-chTT (RL Sued-West)"]
[Site "Bayern 2008/09"]
[Date "2008.10.05"]
[Round "1.3"]
[White "Senner, Peter"]
[Black "Oberhofer, Max"]
[Result "0-1"]
[WhiteElo "2082"]
[BlackElo "1996"]
[PlyCount "82"]
[EventDate "2009.03.??"]
[EventType "team-tourn"]
[EventRounds "9"]
[WhiteTeam "Türkheim 1"]
[BlackTeam "Sonthofen 1"]

1. Nf3 d5 2. g3 Nf6 3. Bg2 c5 4. d3 Nc6 5. O-O e6 6. Nbd2 Be7 7. e4 O-O 8. Re1
b5 9. e5 Nd7 10. Nf1 a5 11. a3 Ba6 12. h4 b4 13. a4 Rb8 14. Bf4 Qb6 15. N1h2
Rfc8 16. Ng5 Bxg5 17. hxg5 Nd4 18. b3 Nf5 19. Ng4 Nf8 20. Nf6+ gxf6 21. exf6
Ng6 22. Qh5 Qd8 23. Bh3 Nd4 24. Kg2 Qf8 25. Rh1 h6 26. Rae1 Rb6 27. Bg4 Rbc6
28. Bd1 c4 29. Be5 cxd3 30. Bxd4 dxc2 31. Bg4 c1=Q 32. Rxc1 Rxc1 33. Bxe6 Bd3
34. Bxc8 Rxh1 35. Qxh1 Qxc8 36. Qxh6 Qf8 37. Qh3 Qe8 38. Bc5 Qe4+ 39. Kg1 Qe1+
40. Kh2 Ne5 41. g6 Nf3+ 0-1

[Event "Bayern-chTT (RL Sued-West)"]
[Site "Bayern 2008/09"]
[Date "2008.10.05"]
[Round "1.4"]
[White "Hopfauf, Fridolin"]
[Black "Groenegress, Wilfried"]
[Result "1-0"]
[WhiteElo "2085"]
[BlackElo "2019"]
[PlyCount "120"]
[EventDate "2009.03.??"]
[EventType "team-tourn"]
[EventRounds "9"]
[WhiteTeam "Sonthofen 1"]
[BlackTeam "Türkheim 1"]

1. e4 c5 2. Nf3 e6 3. Be2 Nc6 4. O-O Nf6 5. Nc3 d5 6. exd5 Nxd5 7. Bb5 Nxc3 8.
Bxc6+ bxc6 9. dxc3 Ba6 10. Qxd8+ Rxd8 11. Re1 Bd6 12. Be3 O-O 13. Rad1 h6 14.
Rxd6 Rxd6 15. Bxc5 Rfd8 16. Bxd6 Rxd6 17. b3 f6 18. c4 c5 19. Kf1 Bb7 20. Ke2
Ra6 21. a4 Rd6 22. Rc1 Bxf3+ 23. Kxf3 a5 24. Ke3 e5 25. Ke2 Kf7 26. Rf1 f5 27.
h3 Kf6 28. Rb1 Ke6 29. c3 Ra6 30. Rd1 Rd6 31. Rb1 Ra6 32. Ke3 Rc6 33. g4 Ra6
34. gxf5+ Kxf5 35. b4 axb4 36. cxb4 Rxa4 37. b5 Ra3+ 38. Ke2 Ra7 39. b6 Rb7 40.
Ke3 Ke6 41. h4 g6 42. Ke4 Kd6 43. Rg1 Rg7 44. b7 Kc7 45. Kxe5 Kxb7 46. Kd6 Rf7
47. Rxg6 Kb6 48. Kd5+ Kc7 49. Kxc5 Rf5+ 50. Kb4 Rxf2 51. Rxh6 Rf5 52. c5 Rf1
53. Kc4 Rc1+ 54. Kd4 Rd1+ 55. Ke5 Rc1 56. c6 Rf1 57. h5 Re1+ 58. Kf4 Rf1+ 59.
Kg3 Rg1+ 60. Kh2 Rg5 1-0

[Event "Bayern-chTT (RL Sued-West)"]
[Site "Bayern 2008/09"]
[Date "2008.10.05"]
[Round "1.5"]
[White "Tudosa, Daniel"]
[Black "Kuhnert, Josef"]
[Result "1/2-1/2"]
[WhiteElo "2026"]
[BlackElo "1963"]
[PlyCount "43"]
[EventDate "2009.03.??"]
[EventType "team-tourn"]
[EventRounds "9"]
[WhiteTeam "Türkheim 1"]
[BlackTeam "Sonthofen 1"]

1. d4 f5 2. Nf3 Nf6 3. g3 g6 4. Bg2 Bg7 5. O-O O-O 6. c4 d6 7. Nc3 Qe8 8. b3 c6
9. Qc2 Na6 10. Ba3 Rb8 11. Rac1 Bd7 12. e4 fxe4 13. Nxe4 Bf5 14. Nxf6+ Bxf6 15.
Qd2 Qd7 16. Rfe1 Nc7 17. Qh6 Bg7 18. Qe3 Rbe8 19. Nh4 Bg4 20. Qd2 Bf6 21. Nf3
Bg7 22. Nh4 1/2-1/2

[Event "Bayern-chTT (RL Sued-West)"]
[Site "Bayern 2008/09"]
[Date "2008.10.05"]
[Round "1.6"]
[White "Maugg, Ludwig"]
[Black "Magg, Christian"]
[Result "1/2-1/2"]
[WhiteElo "1956"]
[BlackElo "2046"]
[PlyCount "46"]
[EventDate "2009.03.??"]
[EventType "team-tourn"]
[EventRounds "9"]
[WhiteTeam "Sonthofen 1"]
[BlackTeam "Türkheim 1"]

1. d4 Nf6 2. c4 e6 3. Nf3 d5 4. Nc3 Be7 5. Bf4 O-O 6. e3 c6 7. c5 b6 8. b4 a5
9. a3 Ba6 10. Bxa6 Nxa6 11. Rb1 axb4 12. axb4 bxc5 13. bxc5 Qa5 14. Qd2 Nh5 15.
Bg5 Bxg5 16. Nxg5 Nb4 17. O-O Rfb8 18. Rb3 Na6 19. Rfb1 Nf6 20. Nf3 Rxb3 21.
Rxb3 Rb8 22. Rxb8+ Nxb8 23. Qb2 Nfd7 1/2-1/2

[Event "Bayern-chTT (RL Sued-West)"]
[Site "Bayern 2008/09"]
[Date "2008.10.05"]
[Round "1.7"]
[White "Erler, Mark"]
[Black "Wiechmann, Gernot"]
[Result "0-1"]
[WhiteElo "2018"]
[BlackElo "1987"]
[PlyCount "62"]
[EventDate "2009.03.??"]
[EventType "team-tourn"]
[EventRounds "9"]
[WhiteTeam "Türkheim 1"]
[BlackTeam "Sonthofen 1"]

1. d4 Nf6 2. c4 e6 3. g3 d5 4. Bg2 Be7 5. Nf3 O-O 6. Qc2 c6 7. Nbd2 Nbd7 8. O-O
Re8 9. b3 Bd6 10. Rd1 e5 11. dxe5 Nxe5 12. cxd5 cxd5 13. Bb2 Bg4 14. Bd4 Nc6
15. Be3 Rc8 16. Qb2 Qe7 17. a3 h6 18. h3 Bf5 19. Nd4 Nxd4 20. Bxd4 Rc2 21. Bxf6
gxf6 22. Qd4 Be5 23. Qxd5 Rd8 24. Qf3 Bg6 25. Ne4 Bxa1 26. Rxa1 f5 27. Nc3 Qe5
28. Rd1 Rxd1+ 29. Nxd1 Rc1 30. e4 fxe4 31. Qg4 Qd4 0-1

[Event "Bayern-chTT (RL Sued-West)"]
[Site "Bayern 2008/09"]
[Date "2008.10.05"]
[Round "1.8"]
[White "Froehlich, Rainer(37)"]
[Black "Zellweger, Wilfried"]
[Result "0-1"]
[WhiteElo "1908"]
[BlackElo "1967"]
[PlyCount "54"]
[EventDate "2009.03.??"]
[EventType "team-tourn"]
[EventRounds "9"]
[WhiteTeam "Sonthofen 1"]
[BlackTeam "Türkheim 1"]

1. e4 d5 2. exd5 Nf6 3. d4 Nxd5 4. c4 Nb6 5. Nf3 Bg4 6. c5 N6d7 7. Qb3 Nc6 8.
Be3 e5 9. Ng5 Bh5 10. Bc4 Qf6 11. Bxf7+ Bxf7 12. Nxf7 exd4 13. Bg5 Qxf7 14.
Qxb7 Qe6+ 15. Kd1 Rb8 16. Qxc7 Qg4+ 17. f3 Qxg5 18. Qxc6 Qxc5 19. Re1+ Be7 20.
Qe4 Nf6 21. Qe2 Nd5 22. Qd2 O-O 23. Ke2 Rfe8 24. Kf1 Ne3+ 25. Kg1 Nc2 26. Rc1
d3+ 27. Kh1 Qd6 0-1

[Event "Bayern-chTT (RL Sued-West)"]
[Site "Bayern 2008/09"]
[Date "2008.10.05"]
[Round "1.1"]
[White "Boehm, Uwe(56)"]
[Black "Dengler, Peter"]
[Result "1/2-1/2"]
[WhiteElo "2078"]
[BlackElo "2246"]
[PlyCount "63"]
[EventDate "2009.03.??"]
[EventType "team-tourn"]
[EventRounds "9"]
[WhiteTeam "München-Siemens 1"]
[BlackTeam "Unterhaching 1"]

1. d4 f5 2. Bg5 Nf6 3. Bxf6 exf6 4. e3 d5 5. Bd3 Be6 6. Qf3 Qd7 7. Nd2 Nc6 8.
c3 Bd6 9. Ne2 O-O-O 10. Nf4 Ne7 11. Nxe6 Qxe6 12. O-O-O c6 13. Kb1 g6 14. g3 h5
15. h4 Kb8 16. Rc1 Bc7 17. Nb3 Bb6 18. Ka1 Nc8 19. c4 dxc4 20. Bxc4 Qe4 21. Qe2
Nd6 22. Bd3 Qe7 23. Nd2 Rhe8 24. Qf1 Ne4 25. Nxe4 fxe4 26. Bc4 f5 27. Qe2 Rf8
28. Bb3 Rf6 29. Rc2 Rfd6 30. a3 Qf6 31. Ka2 Qe7 32. Kb1 1/2-1/2

[Event "Bayern-chTT (RL Sued-West)"]
[Site "Bayern 2008/09"]
[Date "2008.10.05"]
[Round "1.2"]
[White "Ahmann, Niki"]
[Black "Fischer, Johann(35)"]
[Result "1-0"]
[WhiteElo "2165"]
[BlackElo "2210"]
[PlyCount "68"]
[EventDate "2009.03.??"]
[EventType "team-tourn"]
[EventRounds "9"]
[WhiteTeam "Unterhaching 1"]
[BlackTeam "München-Siemens 1"]

1. e4 c5 2. Nf3 d6 3. d4 cxd4 4. Nxd4 Nf6 5. Nc3 a6 6. f4 Nbd7 7. a4 b6 8. Bd3
Bb7 9. Qe2 Qc7 10. O-O e6 11. g4 d5 12. e5 Bc5 13. Be3 Nxe5 14. fxe5 Qxe5 15.
Qf2 O-O 16. h3 h5 17. g5 Ne4 18. Nxe4 dxe4 19. Be2 f5 20. c3 g6 21. Bc4 Bd5 22.
Bxd5 exd5 23. Bf4 Qe7 24. Kh2 Rfe8 25. Rfe1 Qd7 26. Qd2 Re7 27. Re2 Rae8 28.
Rae1 Kh7 29. Nc2 Bd6 30. Qe3 Bc5 31. Qd2 e3 32. Nxe3 Bxe3 33. Rxe3 Re4 34. Rxe4
Rxe4 1-0

[Event "Bayern-chTT (RL Sued-West)"]
[Site "Bayern 2008/09"]
[Date "2008.10.05"]
[Round "1.3"]
[White "Joerg, Harald Dr"]
[Black "Schmidt, Gerhard(40)"]
[Result "1/2-1/2"]
[WhiteElo "2167"]
[BlackElo "2172"]
[PlyCount "52"]
[EventDate "2009.03.??"]
[EventType "team-tourn"]
[EventRounds "9"]
[WhiteTeam "München-Siemens 1"]
[BlackTeam "Unterhaching 1"]

1. e4 c5 2. f4 e6 3. Nf3 Nf6 4. Nc3 d5 5. Bb5+ Bd7 6. Bxd7+ Qxd7 7. Ne5 Qc7 8.
exd5 exd5 9. Qf3 Bd6 10. Nxd5 Nxd5 11. Qxd5 O-O 12. O-O Bxe5 13. fxe5 Na6 14.
c3 Rad8 15. Qe4 c4 16. b3 cxb3 17. axb3 Rfe8 18. d4 Qxc3 19. Be3 Qb4 20. Rf3
Re6 21. Raf1 Rf8 22. Qd5 Nc7 23. Qd7 Qe7 24. Qa4 a6 25. Qa5 Qd7 26. Rc1 Nd5
1/2-1/2

[Event "Bayern-chTT (RL Sued-West)"]
[Site "Bayern 2008/09"]
[Date "2008.10.05"]
[Round "1.4"]
[White "Urankar, Hans-Peter"]
[Black "Haizmann, Thomas"]
[Result "1-0"]
[WhiteElo "2161"]
[BlackElo "2125"]
[PlyCount "93"]
[EventDate "2009.03.??"]
[EventType "team-tourn"]
[EventRounds "9"]
[WhiteTeam "Unterhaching 1"]
[BlackTeam "München-Siemens 1"]

1. d4 Nf6 2. Bf4 d5 3. e3 Bf5 4. c4 e6 5. Nc3 c6 6. Qb3 Qb6 7. c5 Qxb3 8. axb3
Nfd7 9. Nf3 f6 10. b4 a6 11. Be2 Kd8 12. O-O Kc8 13. Nd2 b5 14. Nb3 Be7 15. f3
Bd8 16. e4 Bg6 17. Rfe1 Re8 18. Bd6 Nf8 19. Bf1 Nbd7 20. g3 Bc7 21. Bh3 Kb7 22.
Kf2 Bf7 23. Na5+ Bxa5 24. Rxa5 Bg6 25. Rd1 Bf7 26. Bg2 Ng6 27. f4 Ne7 28. Re1
Nc8 29. exd5 exd5 30. Rxe8 Bxe8 31. Nxd5 Nxd6 32. cxd6 cxd5 33. Bxd5+ Ka7 34.
Bxa8 Kxa8 35. Ra1 Nb8 36. Re1 Bd7 37. Re7 Kb7 38. d5 Kb6 39. Rxg7 a5 40. Ke3
axb4 41. Kd4 b3 42. Rxh7 Bf5 43. Rf7 Nd7 44. h4 Nc5 45. Rxf6 Bd7 46. h5 Na4 47.
h6 1-0

[Event "Bayern-chTT (RL Sued-West)"]
[Site "Bayern 2008/09"]
[Date "2008.10.05"]
[Round "1.5"]
[White "Osthoff, Michael"]
[Black "Broschwitz, Martin"]
[Result "0-1"]
[WhiteElo "1936"]
[BlackElo "2086"]
[PlyCount "66"]
[EventDate "2009.03.??"]
[EventType "team-tourn"]
[EventRounds "9"]
[WhiteTeam "München-Siemens 1"]
[BlackTeam "Unterhaching 1"]

1. d4 Nf6 2. c4 g6 3. Nc3 d5 4. Nf3 Bg7 5. Bf4 O-O 6. e3 c6 7. Rc1 Bg4 8. Qb3
Bxf3 9. Qxb7 Bg4 10. Qxa8 Qb6 11. c5 Qxb2 12. e4 Nxe4 13. Nxe4 dxe4 14. Bd2
Bxd4 15. Be2 Bxf2+ 16. Kxf2 Qxd2 17. Rce1 Bxe2 18. Rxe2 Qf4+ 19. Kg1 Qc1+ 20.
Kf2 Qxh1 21. Qxa7 Qxh2 22. Qxe7 Qf4+ 23. Kg1 Qc1+ 24. Kh2 Na6 25. Qxe4 Qxc5 26.
Rc2 Qd6+ 27. g3 Qd5 28. Qa4 Nc5 29. Qa7 Qh5+ 30. Kg2 Nd3 31. Qe3 Qd5+ 32. Kh2
c5 33. Rc3 Qxa2+ 0-1

[Event "Bayern-chTT (RL Sued-West)"]
[Site "Bayern 2008/09"]
[Date "2008.10.05"]
[Round "1.6"]
[White "Czap, Bernhard"]
[Black "Mattes, Heinz Dr"]
[Result "1-0"]
[WhiteElo "2077"]
[BlackElo "1888"]
[PlyCount "53"]
[EventDate "2009.03.??"]
[EventType "team-tourn"]
[EventRounds "9"]
[WhiteTeam "Unterhaching 1"]
[BlackTeam "München-Siemens 1"]

1. e4 d6 2. d4 g6 3. Nc3 Bg7 4. Be3 Nf6 5. f3 c6 6. Qd2 Qa5 7. Nge2 Nbd7 8. Bh6
Bxh6 9. Qxh6 b5 10. Nc1 b4 11. Nd1 Ba6 12. Nb3 Qb6 13. Bxa6 Qxa6 14. Qg7 Rg8
15. Qh6 g5 16. Ne3 Rg6 17. Qh3 h5 18. Nf5 g4 19. Qh4 gxf3 20. gxf3 Rg2 21.
O-O-O Qxa2 22. Rhg1 Rxg1 23. Rxg1 a5 24. e5 dxe5 25. dxe5 Nd5 26. Rg8+ Nf8 27.
Rxf8+ 1-0

[Event "Bayern-chTT (RL Sued-West)"]
[Site "Bayern 2008/09"]
[Date "2008.10.05"]
[Round "1.7"]
[White "Heusler, Juergen"]
[Black "Demir, Bilal"]
[Result "0-1"]
[WhiteElo "1918"]
[BlackElo "2066"]
[PlyCount "52"]
[EventDate "2009.03.??"]
[EventType "team-tourn"]
[EventRounds "9"]
[WhiteTeam "München-Siemens 1"]
[BlackTeam "Unterhaching 1"]

1. d4 f5 2. c4 Nf6 3. Nc3 d6 4. Nf3 g6 5. g3 Bg7 6. Bg2 O-O 7. O-O Qe8 8. b4 e5
9. dxe5 dxe5 10. Qb3 e4 11. Nd4 Qf7 12. f3 exf3 13. Bxf3 Nbd7 14. Bf4 c6 15.
Rac1 Nb6 16. Na4 Nxa4 17. Qxa4 Bd7 18. Qb3 Ne4 19. Bxe4 fxe4 20. Qe3 Bh3 21.
Rf2 g5 22. Rd1 gxf4 23. Rxf4 Qxc4 24. Rxe4 Rad8 25. g4 Bxd4 26. Rexd4 Qxd4 0-1

[Event "Bayern-chTT (RL Sued-West)"]
[Site "Bayern 2008/09"]
[Date "2008.10.05"]
[Round "1.8"]
[White "Rimmelspacher, Udo"]
[Black "Foltas, Hermann"]
[Result "0-1"]
[WhiteElo "2024"]
[BlackElo "1907"]
[PlyCount "151"]
[EventDate "2009.03.??"]
[EventType "team-tourn"]
[EventRounds "9"]
[WhiteTeam "Unterhaching 1"]
[BlackTeam "München-Siemens 1"]

1. e4 e5 2. Nf3 Nc6 3. d4 exd4 4. c3 d3 5. Bxd3 d6 6. Bf4 Nf6 7. Nbd2 g6 8. Qc2
Bg7 9. O-O-O O-O 10. h3 Nd7 11. g4 Nde5 12. Be2 Qe8 13. Rhe1 Nxf3 14. Nxf3 Bd7
15. Be3 a6 16. Nd4 Nxd4 17. Bxd4 Bh6+ 18. Kb1 Bf4 19. Bd3 b5 20. Be3 Bxe3 21.
Rxe3 Qe5 22. Qd2 Rfe8 23. Bc2 Be6 24. Rg3 g5 25. Re3 Rad8 26. Ree1 c5 27. f4
Qxf4 28. Qxf4 gxf4 29. Rf1 d5 30. Rxf4 dxe4 31. Rxd8 Rxd8 32. Rxe4 Rd2 33. Kc1
Rh2 34. Re5 Rxh3 35. Rxc5 h6 36. a4 Rh1+ 37. Kd2 Rh2+ 38. Kc1 bxa4 39. Bxa4
Bxg4 40. Bb3 Rh1+ 41. Kd2 Rh2+ 42. Kc1 Kg7 43. Ra5 Rf2 44. Bc4 Bf5 45. Bxa6 h5
46. c4 h4 47. Bb7 h3 48. b4 h2 49. Kd1 Bc8 50. Ba8 Rf1+ 51. Ke2 h1=Q 52. Bxh1
Rxh1 53. Kd3 Rh3+ 54. Kd4 Rh4+ 55. Kd3 Be6 56. Rc5 Kf6 57. b5 Rh3+ 58. Kc2 Rh8
59. b6 Rb8 60. Rc6 Ke5 61. c5 f5 62. Kd3 f4 63. Rc7 Bf5+ 64. Ke2 Be4 65. Re7+
Kd4 66. Rc7 Bd5 67. Kf2 Kc4 68. Ke2 Kb5 69. Kf2 Bc6 70. Rf7 f3 71. Rf5 Rd8 72.
Kf1 Rd3 73. Kf2 Rc3 74. b7 Bxb7 75. c6+ Kxc6 76. Rxf3 0-1

[Event "Bayern-chTT (RL Sued-West)"]
[Site "Bayern 2008/09"]
[Date "2008.10.26"]
[Round "2.1"]
[White "Fauth, Dietmar Dr"]
[Black "Schreiner, Richard"]
[Result "1/2-1/2"]
[WhiteElo "2170"]
[BlackElo "2096"]
[PlyCount "117"]
[EventDate "2009.03.??"]
[EventType "team-tourn"]
[EventRounds "9"]
[WhiteTeam "München-Siemens 1"]
[BlackTeam "Garching 2"]

1. e4 c5 2. d4 cxd4 3. c3 dxc3 4. Nxc3 Nc6 5. Nf3 d6 6. Bc4 g6 7. O-O Bg7 8.
Re1 Nf6 9. e5 dxe5 10. Qxd8+ Nxd8 11. Nxe5 O-O 12. Be3 Be6 13. Bb5 a6 14. Be2
Nd5 15. Nxd5 Bxe5 16. Nxe7+ Kg7 17. Red1 Bxb2 18. Rab1 Be5 19. a4 Re8 20. Nd5
Rc8 21. Kf1 Kh8 22. Bg5 Kg7 23. Nb6 Rb8 24. Nd7 Bxd7 25. Rxd7 h6 26. Be3 Bxh2
27. Bd4+ Be5 28. Bxe5+ Rxe5 29. Bxa6 b6 30. Re1 Rxe1+ 31. Kxe1 Ne6 32. Bc4 Kf6
33. g3 Ra8 34. Bb3 Rb8 35. Ke2 b5 36. axb5 Rxb5 37. Bxe6 Kxe6 38. Ra7 Rb3 39.
Ra5 Kf6 40. Kf1 Rf3 41. Kg2 Rf5 42. Ra4 h5 43. Ra6+ Kg5 44. Ra4 f6 45. Rb4 Rd5
46. Ra4 Rd6 47. Ra5+ Kh6 48. Ra4 g5 49. Rb4 g4 50. Ra4 Kg5 51. Ra5+ Kg6 52. Rb5
Re6 53. Ra5 Re5 54. Ra4 Rf5 55. Rb4 Rf3 56. Ra4 Kg5 57. Ra5+ Rf5 58. Ra8 Re5
59. Rh8 1/2-1/2

[Event "Bayern-chTT (RL Sued-West)"]
[Site "Bayern 2008/09"]
[Date "2008.10.26"]
[Round "2.2"]
[White "Kraenzle, Harald"]
[Black "Ruether, Rudolf"]
[Result "1/2-1/2"]
[WhiteElo "2143"]
[BlackElo "2105"]
[PlyCount "74"]
[EventDate "2009.03.??"]
[EventType "team-tourn"]
[EventRounds "9"]
[WhiteTeam "Garching 2"]
[BlackTeam "München-Siemens 1"]

1. e4 c5 2. Nc3 e6 3. f4 d5 4. Bb5+ Bd7 5. exd5 Bxb5 6. Nxb5 a6 7. Nc3 exd5 8.
Nf3 Nf6 9. O-O Be7 10. d4 O-O 11. Kh1 Nc6 12. Be3 c4 13. Ne5 Rc8 14. f5 b5 15.
Bg5 b4 16. Ne2 Ne4 17. Bxe7 Qxe7 18. Ng4 Qh4 19. Rf4 Rfe8 20. Kg1 Qe7 21. Ng3
Nxg3 22. hxg3 f6 23. Qf3 Rcd8 24. a3 a5 25. axb4 Qxb4 26. Qa3 Rb8 27. Qf3 Rbd8
28. Qa3 Re2 29. Rc1 Qd2 30. Rcf1 Nxd4 31. Qc5 Nxc2 32. Qc7 Rf8 33. Nh6+ Kh8 34.
Nf7+ Kg8 35. Nh6+ Kh8 36. Nf7+ Kg8 37. Nh6+ Kh8 1/2-1/2

[Event "Bayern-chTT (RL Sued-West)"]
[Site "Bayern 2008/09"]
[Date "2008.10.26"]
[Round "2.3"]
[White "Boehm, Uwe(56)"]
[Black "Englert, Jan"]
[Result "1-0"]
[WhiteElo "2078"]
[BlackElo "2074"]
[PlyCount "128"]
[EventDate "2009.03.??"]
[EventType "team-tourn"]
[EventRounds "9"]
[WhiteTeam "München-Siemens 1"]
[BlackTeam "Garching 2"]

1. d4 d6 2. Nf3 Bg4 3. e3 Nd7 4. Be2 Ngf6 5. c4 e5 6. Nc3 Be7 7. O-O O-O 8. b3
c6 9. Bb2 Qc7 10. Rc1 Rad8 11. Qc2 Bh5 12. a3 Rfe8 13. b4 Bf8 14. Rfe1 Qb8 15.
Qb3 Qc7 16. h3 e4 17. Nd2 Bg6 18. Qc2 Nb6 19. a4 Ra8 20. Nb3 Nc8 21. Qb1 Nd7
22. Ba3 f5 23. Qb2 Nf6 24. d5 Bf7 25. dxc6 bxc6 26. Nd4 g6 27. b5 c5 28. Nc6
Bg7 29. Qb3 Ne7 30. Nxe7+ Qxe7 31. Red1 Qc7 32. Bb2 Red8 33. Rd2 Rd7 34. Rcd1
Rad8 35. Nb1 Ne8 36. Bxg7 Kxg7 37. Qc3+ Nf6 38. a5 Be6 39. Rb2 Rb8 40. Rbd2
Rbd8 41. Qa1 Kf7 42. Nc3 Qb7 43. Qa2 Ke7 44. Qa3 Ra8 45. Rb1 Bf7 46. Na4 Rc8
47. Qa2 Rb8 48. Qa3 Rc8 49. Nc3 Ra8 50. Rdd1 Rdd8 51. Na4 Rab8 52. Rb2 Rd7 53.
Qc3 Be6 54. Qa3 Bf7 55. Rdd2 Be6 56. Rb1 Qc7 57. Qc3 Qb7 58. h4 Qc7 59. g3 Qb7
60. Bd1 Qc7 61. Rdb2 h5 62. Bc2 Rdd8 63. Rd1 Rd7 64. Rbb1 Rdd8 1-0

[Event "Bayern-chTT (RL Sued-West)"]
[Site "Bayern 2008/09"]
[Date "2008.10.26"]
[Round "2.4"]
[White "Rusche, Johannes"]
[Black "Markl, Martin"]
[Result "1/2-1/2"]
[WhiteElo "2036"]
[BlackElo "2046"]
[PlyCount "101"]
[EventDate "2009.03.??"]
[EventType "team-tourn"]
[EventRounds "9"]
[WhiteTeam "Garching 2"]
[BlackTeam "München-Siemens 1"]

1. e4 e5 2. Nf3 Nc6 3. Bb5 a6 4. Ba4 Nf6 5. O-O b5 6. Bb3 Nxe4 7. d4 d5 8. dxe5
Be6 9. c3 Be7 10. Re1 O-O 11. Bf4 Nc5 12. Bc2 Bg4 13. h3 Bh5 14. Nbd2 d4 15.
Ne4 Ne6 16. Bh2 dxc3 17. bxc3 Qxd1 18. Raxd1 Rfd8 19. Bb3 Na5 20. Bxe6 fxe6 21.
g4 Bf7 22. Nfg5 Nc4 23. Nxf7 Kxf7 24. f4 Nb2 25. Rxd8 Rxd8 26. f5 Na4 27. Rf1
Nc5 28. Ng3 Ke8 29. Nh5 Bf8 30. Bf4 Ne4 31. f6 g6 32. f7+ Kd7 33. Nf6+ Nxf6 34.
exf6 Bc5+ 35. Kg2 Rf8 36. Rd1+ Bd6 37. Kf3 Rxf7 38. g5 Kc6 39. Ke4 Rf8 40. h4
Rb8 41. Be5 b4 42. Rc1 bxc3 43. Bxc3 Kd7 44. Rf1 Rb5 45. Rf3 a5 46. f7 Bf8 47.
Rd3+ Ke7 48. Bf6+ Kxf7 49. Rd7+ Ke8 50. Rd8+ Kf7 51. Rd7+ 1/2-1/2

[Event "Bayern-chTT (RL Sued-West)"]
[Site "Bayern 2008/09"]
[Date "2008.10.26"]
[Round "2.5"]
[White "Amelang, Thomas"]
[Black "Wittke, Volker"]
[Result "1/2-1/2"]
[WhiteElo "2068"]
[BlackElo "2084"]
[PlyCount "63"]
[EventDate "2009.03.??"]
[EventType "team-tourn"]
[EventRounds "9"]
[WhiteTeam "München-Siemens 1"]
[BlackTeam "Garching 2"]

1. e4 c5 2. Nc3 Nc6 3. d3 d6 4. g3 g6 5. Be3 Bg7 6. Qd2 e6 7. Bg2 Rb8 8. Nd1 b5
9. Ne2 b4 10. O-O Qc7 11. d4 cxd4 12. Bxd4 Nxd4 13. Nxd4 Ne7 14. c3 Qb6 15. Ne3
Ba6 16. Rfd1 bxc3 17. bxc3 O-O 18. Ng4 h5 19. Ne3 Rfd8 20. Rac1 Rbc8 21. c4 Bh6
22. Bf1 Bb7 23. Rb1 Qc7 24. Qd3 a6 25. f4 Nc6 26. Nxc6 Bxc6 27. Bg2 Qa5 28. Qd2
Qc5 29. Qd4 Qa5 30. Qd2 Qc5 31. Qd4 Qa5 32. Qd2 1/2-1/2